To speak in pairs : essays on the ritual languages of eastern Indonesia
| Published in: | Cambridge studies in oral and literate culture |
|---|---|
| Main Author: | |
| Content type: | Book |
| Published: |
Cambridge:
Univ. Pr.
1988
|
| Series: | Cambridge studies in oral and literate culture ; 15 |
| Source: | MPIPL_cat |
| _version_ | 1863687004557934594 |
|---|---|
| author2 | Fox, James J. |
| author2_role | ed |
| author2_variant | j j f jj jjf |
| author_facet | Fox, James J. |
| author_search | Fox, James J. |
| author_sort | Fox, James J. |
| callnumber-first | 407.4-Tos/1 |
| callnumber-label | 407 |
| callnumber-raw | 407.4-TOS/1 |
| callnumber-search | 407.4-TOS/1 |
| collection_details | MPIPL |
| container_title | Cambridge studies in oral and literate culture |
| dedup_id_str | MPIPL_cat.PL0052330 |
| dewey-hierarchy | 0/[Unassigned]/ |
| dewey-hierarchy_str | 0/[Unassigned]/ |
| first_indexed | 2026-03-14T00:40:05Z |
| format | 0/Buch/ |
| format_str | 0/Buch/ |
| fullrecord | <?xml version="1.0" encoding="UTF-8"?>
<collection xmlns:xsi="http://www.w3.org/2001/XMLSchema-instance" xsi:schemaLocation="http://www.loc.gov/MARC21/slim http://www.loc.gov/standards/marcxml/schema/MARC21slim.xsd" xmlns="http://www.loc.gov/MARC21/slim">
<record>
<leader>00000nam a2200000 ub4500</leader>
<controlfield tag="001">PL0052330</controlfield>
<controlfield tag="003">PLI01000000000000000052063</controlfield>
<controlfield tag="005">00000000000000.0</controlfield>
<controlfield tag="008"> ||| u </controlfield>
<datafield tag="020" ind1=" " ind2=" ">
<subfield code="a">0-521-34332-1</subfield>
</datafield>
<datafield tag="020" ind1=" " ind2=" ">
<subfield code="a">9780521343329</subfield>
</datafield>
<datafield tag="090" ind1=" " ind2=" ">
<subfield code="a">407.4-Tos/1</subfield>
</datafield>
<datafield tag="100" ind1="1" ind2=" ">
<subfield code="a">Fox, James J.</subfield>
<subfield code="e">[ed.]</subfield>
</datafield>
<datafield tag="245" ind1="0" ind2="0">
<subfield code="a">To speak in pairs</subfield>
<subfield code="b">essays on the ritual languages of eastern Indonesia</subfield>
<subfield code="c">ed. by James J. Fox</subfield>
</datafield>
<datafield tag="260" ind1=" " ind2=" ">
<subfield code="a">Cambridge</subfield>
<subfield code="b">Univ. Pr.</subfield>
<subfield code="c">1988</subfield>
</datafield>
<datafield tag="300" ind1=" " ind2=" ">
<subfield code="a">XI, 338 S.</subfield>
</datafield>
<datafield tag="490" ind1="0" ind2=" ">
<subfield code="a">Cambridge studies in oral and literate culture</subfield>
<subfield code="v">15</subfield>
</datafield>
<datafield tag="830" ind1=" " ind2="0">
<subfield code="w">PL0000945</subfield>
</datafield>
<datafield tag="852" ind1=" " ind2=" ">
<subfield code="c">407.4-Tos/1</subfield>
<subfield code="m">BOOK</subfield>
</datafield>
</record>
</collection>
|
| hierarchy_parent_id | MPIPL_cat.PL0000945 |
| hierarchy_parent_title | Cambridge studies in oral and literate culture |
| id | MPIPL_cat.PL0052330 |
| illustrated | Not Illustrated |
| institution | MPIPL_cat |
| institution_str | MPIPL_cat |
| isbn | 9780521343329 0-521-34332-1 |
| language | und |
| language_str | und |
| last_indexed | 2026-04-27T23:41:36Z |
| online | false |
| online_MPIPL_cat | false |
| online_str | false |
| physical | XI, 338 S. |
| publishDate | 1988 |
| publishDate_str | 1988 |
| publisher | Univ. Pr |
| record_format | marc |
| series | Cambridge studies in oral and literate culture |
| signature_search | 407.4-Tos/1 |
| spelling | Fox, James J. ed. To speak in pairs essays on the ritual languages of eastern Indonesia ed. by James J. Fox Cambridge Univ. Pr 1988 XI, 338 S. Cambridge studies in oral and literate culture 15 PL0000945 |
| spellingShingle | To speak in pairs : essays on the ritual languages of eastern Indonesia Cambridge studies in oral and literate culture |
| title | To speak in pairs : essays on the ritual languages of eastern Indonesia |
| title_full | To speak in pairs essays on the ritual languages of eastern Indonesia ed. by James J. Fox |
| title_fullStr | To speak in pairs essays on the ritual languages of eastern Indonesia ed. by James J. Fox |
| title_full_unstemmed | To speak in pairs essays on the ritual languages of eastern Indonesia ed. by James J. Fox |
| title_search | To speak in pairs essays on the ritual languages of eastern Indonesia Cambridge studies in oral and literate culture |
| title_short | To speak in pairs |
| title_sort | to speak in pairs essays on the ritual languages of eastern indonesia ed by james j fox |
| title_sub | essays on the ritual languages of eastern Indonesia |